000 00281nam a22001337a 4500
003 SGT
020 _a9364446313
082 _a327
_bKUM
100 _aKUMAR ASHOK
245 _aINTERNATIONAL RELATIONS
260 _aINDIA
_bMC GRAW HILL
_c2026
300 _a325
942 _2ddc
_cBK
999 _c34577
_d34577